000 00300nam a22001337a 4500
008 170609b xxu||||| |||| 00| 0 eng d
020 _a0813104009
041 _aeng
080 _a32
100 _a19
101 _aSHP
245 _aTHE CONTEXT OF ENVIROMENTAL POLITICS
_cSPROUT,H
942 _2udc
_cBK
999 _c16673
_d16673